000 00775nam a2200253 i 4500
001 C2-0242750
003 PPAK
005 20180727204657.0
008 021003s2001 nyu |||| ||||| | eng d
020 _a0446677752
040 _aPPAK
_beng
_cPPAK
_erda
082 0 4 _a641.589
_223
090 0 0 _a641.589
_bCAL
_dR
100 1 _aCalbom, Cherie,
_eauthor
245 1 4 _aThe ultimate smoothie book :
_b101 delicious recipes for blender drinks, frozen desserts, shakes and more !
264 1 _aNew York :
_bWarner Books ,
_c2001
300 _axii, 333 pages ;
_c21 cm
336 _2rdacontent
_atext
337 _2rdamedia
_aunmediated
338 _2rdacarrier
_avolume
500 _aIncludes index
650 1 0 _aBlenders (Cookery) ; Smoothies (Beverages)
942 _ddc
_cB
999 _c57477
_d57477